01405nab a22002537a 4500999001500000003000400015005001700019008004100036040000700077100003600084245014100120300001500261500003700276505030900313505020100622650002800823650002000851650002000871650003100891650002200922650003500944773015900979942001301138 c6231d6231OSt20260126033506.0190514b xxu||||| |||| 00| 0 spa d cPJ 96952aDe Oliveira, Juan José 10aTensión entre la vocación sucesoria del cónyuge y la ausencia de vocación sucesoria del conviviente /cJuan José de Oliveira.  ap. 118-121 aCita: TR LALEY AR/DOC/2666/2024. aSumario: I. Sobre el fallo.— II. Las uniones convivenciales.— III. Tensión entre los derechos hereditarios que derivan del matrimonio y los que derivan de la unión convivencial.— IV. La vocación sucesoria del conviviente en la actualidad.— V. Perspectiva hacia futuro.— VI. Conclusión.  tFallo comentado: JCiv. y Com., Conciliación y Familia 1a Nom., Bell Ville ~ 10/06/2024 ~ Schmid, Eduardo Walter s/ declaratoria de herederos - incidente de exclusión de vocación hereditaria. 09967aDERECHO DE FAMILIA 09888aSUCESIONES 095369aCÓNYUGE 091080aVOCACION HEREDITARIA 095370aCONVIVIENTE 091057aJURISPRUDENCIA APLICABLE0 0284493222dBuenos Aires : AbeledoPerrot, 1989-tDerecho de familia. Revista Interdisciplinaria de doctrina y jurisprudencia. Diciembre 2024-VI.z18511201 2udccANA